000 01064nam a2200313 i 4500
001 8887
003 KOSZ 005
005 20220509111108.0
008 070722s1970 pl a f |000 0 pol
015 _aPB 1970/5449
035 _a(OCoLC)69545846
040 _aWA N
_cWA N
_dKOSZ 005/EG
041 _apol
046 _k1970
080 _a551.1
245 0 0 _aZiemia /
_c[aut.] Bronisław Ferens [et al.] ; red. Kazimierz Maślankiewicz.
260 _aWarszawa :
_bWiedza Powszechna,
_c1970.
300 _aXIV, [2], 1054, [2] s. :
_bil., mapy, err. ;
_c23 cm.
380 _aKsiążki.
658 _aGeografia i nauki o Ziemi
655 4 _aWydawnictwa popularne
650 4 _aPrzyroda
650 4 _aZiemia
700 1 _aMaślankiewicz, Kazimierz
_d(1902-1981).
_eRedakcja
700 1 _aFerens, Bronisław
_d(1912-1991).
710 2 _aPaństwowe Wydawnictwo Wiedza Powszechna
_4pbl.
856 _uhttp://koha.tu.koszalin.pl/cgi-bin/koha/opac-detail.pl?biblionumber=8887
_yKatalog online BPK
942 _2UKD
_cKS
999 _c8887
_d8887